000 00923nam a2200289 i 4500
003 EG-GICUC
005 20260510131506.0
008 260510s1920 fr ||||fr|||| 00| 0 fre d
040 _aEG-GiCUC
_bfre
_cEG-GiCUC
_dEG-GiCUC
_eRda
041 _afre
082 0 4 _221
_a345.044
_bRE.N
092 0 4 _221
099 _aLaw1 07 345.044 RE.N 1920
100 1 _aRenard , Georges
_eAuteur
245 _aNotions Très Sommaires De Droit Public Français :
_cGeorges Renard .
264 _aParis :
_bLIBRAIRIE DE LA SOCIÉTÉ DU RECUEIL SIREY ,
_c1920.
300 _a361 page ;
_c 24 cm.
336 _2rda contenu
_a texte
337 _2rda medias
_aOrdinateur
338 _2 transporteur rda
_a Ressource en ligne
546 _aTexte en français
650 1 _aDroit administratif
_zFrance
651 1 _2qrmak
856 4 0 _uhttps://fll.law.cu.edu.eg/fulltext/bks/B07-06419.pdf
905 _a60
942 _2ddc
_cBK
_e21
_n0
999 _c76480
_d76480